Theorizing power /

Bibliographic Details
Main Author: Hearn, Jonathan
Format: Book
Language:English
Published: New York : Palgrave Macmillan, 2012.
Subjects:

MARC

Tag First Indicator Second Indicator Subfields
LEADER 00000cam a2200000 a 4500
001 in00002766021
005 20150922104245.0
008 120608s2012 nyua b 001 0 eng
010 |a  2012023031 
020 |a 9780230246577 
020 |a 0230246575 
020 |a 9780230246560 (hbk.) 
020 |a 0230246567 (hbk.) 
035 |a (OCoLC)ocn776773162 
040 |a DLC  |c DLC  |d UtOrBLW 
049 |a TXAM 
050 0 0 |a HN49.P6  |b H43 2012 
082 0 0 |a 303.3  |2 23 
100 1 |a Hearn, Jonathan. 
245 1 0 |a Theorizing power /  |c Jonathan Hearn. 
264 1 |a New York :  |b Palgrave Macmillan,  |c 2012. 
300 |a xii, 251 pages :  |b illustrations ;  |c 24 cm. 
336 |a text  |b txt  |2 rdacontent 
337 |a unmediated  |b n  |2 rdamedia 
338 |a volume  |b nc  |2 rdacarrier 
504 |a Includes bibliographical references (pages [226]-244) and index. 
650 0 |a Power (Social sciences) 
945 |a PromptCat  |b 961716 
946 |a stk 
947 |a A14835977394 
948 |a cataloged  |b h  |c 2012/8/1  |d c  |e dmitchel  |f 10:50:40 am 
994 |a 92  |b TXA 
999 |a MARS 
999 f f |s e33f9fd7-17a9-35a8-9cf0-5179db529016  |i 97490395-a739-332f-973d-2d50fb793b11  |t 0 
952 f f |p normal  |a Texas A&M University  |b College Station  |c Sterling C. Evans Library  |d Evans: Library Stacks  |t 0  |e HN49.P6 H43 2012  |h Library of Congress classification  |i unmediated -- volume  |m A14835977394 
998 f f |a HN49.P6 H43 2012  |t 0  |l Evans: Library Stacks